| 000 | 00642nam a22002057a 4500 | ||
|---|---|---|---|
| 999 |
_c16009 _d16009 |
||
| 003 | AR-CdUCM | ||
| 008 | 190430b ||||| |||| 00| 0 spa d | ||
| 040 |
_aMUNICIPALIDAD PROVINCIAL DEL CUSCO _cBIBLIOTECA MUNICIPAL DEL CUSCO |
||
| 082 |
_a869.551 / _bH76 |
||
| 245 | _aHomenaje a Abelardo Gamarra / | ||
| 260 |
_aLima : _bTall. Graf. P.L.Villanueva, _c1974. |
||
| 300 |
_a152 paginas ; _c20 cm. |
||
| 505 | _aContenido :Ensayos / | ||
| 650 |
_aLiteratura peruana _9169 |
||
| 650 |
_aEnsayos _9375 |
||
| 650 |
_aSiglo XX _98 |
||
| 700 |
_aGalarreta González, Julio (prologo) _935273 |
||
| 942 |
_2ddc _cLIBROS |
||
| 945 |
_arjall _d2019-04-30 |
||